Songs Played Live the Most Times - Iron Maiden - Statistics

General Stats
  • This quiz has been taken 482 times
  • The average score is 12 of 20
Answer Stats
# Times Played Song % Correct
1482 The Trooper
96%
1857 The Number of the Beast
93%
1348 Run to the Hills
92%
1010 Fear of the Dark
90%
2180 Iron Maiden
87%
1759 Hallowed Be Thy Name
86%
1304 2 Minutes to Midnight
76%
623 Wasted Years
71%
750 Phantom of the Opera
58%
1037 Running Free
56%
1225 Wrathchild
55%
785 The Evil That Men Do
50%
446 Children of the Damned
42%
512 Revelations
41%
1274 Sanctuary
37%
525 22 Acacia Avenue
34%
428 Rime of the Ancient Mariner
33%
680 The Clairvoyant
26%
778 Heaven Can Wait
25%
576 Drifter
11%
No matching quizzes found
Score Distribution
Percent of People with Each Score
Percentile by Number Answered
Your Score History
You have not taken this quiz